Statistics for Point-Scoring F1 Constructors (1981-1990)

Click here to take the quiz!

General Stats

  • This quiz has been taken 29 times
  • The average score is 11 of 26

Answer Stats

Total PointsTeam NameHighest Constructors Championship Finish% Correct
997.5McLarenChampions (1984, 1985, 1988, 1989, 1990)
96%
660.5FerrariChampions (1982, 1983)
92%
719.5WilliamsChampions (1981, 1986, 1987)
92%
345Lotus3rd (1984, 1985, 1986, 1987)
83%
245Renault2nd (1983)
79%
196Bennetton3rd (1988, 1990)
71%
260Brabham2nd (1981)
58%
113Tyrrell5th (1989, 1990)
54%
123Ligier4th (1981)
50%
46Alfa Romeo6th (1983)
38%
89Arrows4th (1988)
38%
27March6th (1988)
38%
7Minardi10th (1988)
38%
1Fittipaldi14th (1982)
29%
7Leyton House7th (1990)
29%
21Lola6th (1990)
29%
26Toleman7th (1984)
29%
8Dallara8th (1989)
25%
2Zakspeed10th (1987)
25%
2AGS13th (1987)
21%
5ATS12th (1982)
21%
5Osella13th (1982)
21%
5Ensign11th (1981)
17%
6Onyx10th (1989)
17%
2Theodore12th (1981, 1983)
17%
6Rial9th (1988)
8%

Score Distribution

Percentile by Number Answered

Percent of People with Each Score

Your Score History

You have not taken this quiz